| 000 | 00612nam a2200193 i 4500 | ||
|---|---|---|---|
| 001 | 181665 | ||
| 003 | ES-MaACL | ||
| 005 | 20250822063231.0 | ||
| 008 | 130306s1972 sp |||| | cat d | ||
| 080 | _a821.134.1-31"19" | ||
| 100 | 1 |
_aPla, Josep, _d1897-1981 _9164614 |
|
| 245 | 1 | 0 |
_aAlbum de Fontclara _b: l'herència ; Nocturn de primavera / _cJosep Pla. |
| 260 |
_aBarcelona : _bDestino, _c1972. |
||
| 300 |
_a534 p. ; _c18 cm. |
||
| 490 | 1 |
_aObra completa de Josep Pla ; _v23 |
|
| 830 | 0 |
_aObra completa de Josep Pla ; _v23 _9191524 |
|
| 852 |
_aES-MaACL _jJ-46(25) |
||
| 999 |
_c181665 _d181665 |
||